| 000 | 00845nam a2200277Ia 4500 | ||
|---|---|---|---|
| 003 | OSt | ||
| 005 | 20250530145802.0 | ||
| 008 | 210716s2008 xx 000 0 und d | ||
| 020 | _a9788181288882 | ||
| 040 | _cAIMIT LIBRARY | ||
| 041 | _aeng | ||
| 082 |
_a005.7402 _bKOTR |
||
| 100 |
_aKothuri, Ravi. _9211866 |
||
| 245 |
_aPro oracle spatial : _bfor oracle database 11g / _cBy Ravi Kothuri ...[et.al.]. |
||
| 250 | _a1 | ||
| 260 |
_aNew Delhi _bApress _c2008 |
||
| 300 |
_axxxiv,787 p.; _bPB _c25cm. |
||
| 650 | _2Spatial and network analysis | ||
| 650 | _2Visualization | ||
| 650 | _2Network modeling | ||
| 650 | _2Spatial indexes and operators | ||
| 650 |
_aLoading transporting and validating spatial data _9211867 |
||
| 700 |
_aGodfrind, Albert. _9211868 |
||
| 700 |
_aBeinat, Euro. _9211869 |
||
| 942 |
_2ddc _cBK _k005.7402 KOTR |
||
| 999 |
_c190562 _d190562 |
||